000 00360nam a2200169Ia 4500
008 221030s9999 xx 000 0 und d
020 _a8183331637
041 _aEnglish
082 _a105.23
100 _aY. Kanethkar
245 0 _aLet Us C
250 _a9th
260 _bBPB Pub
_aNew Delhi
_c2009
300 _a758
650 _aComputers
942 _cBK
999 _c6409
_d6409